000 00261nam a22001217a 4500
040 _cSY
082 _a630
100 _aCHAIRE-MARIE LA SADE
245 _aAgronomie moderne
260 _aFRANCOPHONES
_bCHAIRE-MARIE LA SADE
_c1994
300 _a544P.
942 _cEK
999 _c8792
_d8792